Countries Starting with S (with a map) - Statistics

General Stats
  • This quiz has been taken 459 times
    236 since last reset
  • The average score is 188 of 196
Answers on the Map
Answers color-coded by a green-red scale on the quiz's map according to % correct below.
 
Answer Stats
capital % Correct
Abu Dhabi
100%
Abuja
100%
Accra
100%
Addis Ababa
100%
Algiers
100%
Amman
100%
Amsterdam
100%
Andorra la Vella
100%
Ankara
100%
Antananarivo
100%
Ashgabat
100%
Asmara
100%
Astana
100%
Asunción
100%
Athens
100%
Baghdad
100%
Baku
100%
Bamako
100%
Bandar Seri Begawan
100%
Bangkok
100%
Bangui
100%
Banjul
100%
Beijing
100%
Beirut
100%
Belmopan
100%
Berlin
100%
Bishkek
100%
Bissau
100%
Bogotá
100%
Brasília
100%
Brazzaville
100%
Bridgetown
100%
Brussels
100%
Bucharest
100%
Budapest
100%
Buenos Aires
100%
Bujumbura
100%
Cairo
100%
Canberra
100%
Caracas
100%
Chișinău
100%
Conakry
100%
Copenhagen
100%
Dhaka
100%
Dili
100%
Djibouti
100%
Dodoma
100%
Doha
100%
Dublin
100%
Dushanbe
100%
Funafuti
100%
Gaborone
100%
Georgetown
100%
Guatemala City
100%
Hanoi
100%
Harare
100%
Havana
100%
Helsinki
100%
Islamabad
100%
Jakarta
100%
Jerusalem
100%
Kabul
100%
Kampala
100%
Kathmandu
100%
Kiev
100%
Kigali
100%
Kingston
100%
Kinshasa
100%
Kuala Lumpur
100%
Kuwait City
100%
Libreville
100%
Lilongwe
100%
Lima
100%
Lisbon
100%
Lomé
100%
London
100%
Luanda
100%
Lusaka
100%
Luxembourg
100%
Majuro
100%
Malabo
100%
Malé
100%
Managua
100%
Manama
100%
Manila
100%
Maputo
100%
Maseru
100%
Melekeok
100%
Mexico City
100%
Minsk
100%
Monaco
100%
Monrovia
100%
Montevideo
100%
Moroni
100%
Moscow
100%
Muscat
100%
Nairobi
100%
Nassau
100%
Naypyidaw
100%
N'Djamena
100%
New Delhi
100%
Niamey
100%
Nicosia
100%
Nouakchott
100%
Nuku'alofa
100%
Oslo
100%
Ottawa
100%
Ouagadougou
100%
Palikir
100%
Panama City
100%
Paris
100%
Phnom Penh
100%
Podgorica
100%
Port-au-Prince
100%
Port Louis
100%
Port Moresby
100%
Port-of-Spain
100%
Porto-Novo
100%
Port-Vila
100%
Prague
100%
Praia
100%
Pristina
100%
Pyongyang
100%
Quito
100%
Rabat
100%
Reykjavik
100%
Riga
100%
Rome
100%
Roseau
100%
Saint John's
100%
Sana'a
100%
San José
100%
San Salvador
100%
Santiago
100%
Santo Domingo
100%
Sarajevo
100%
Skopje
100%
Sofia
100%
Sucre
100%
Suva
100%
Taipei
100%
Tallinn
100%
Tarawa
100%
Tashkent
100%
Tbilisi
100%
Tegucigalpa
100%
Tehran
100%
Thimphu
100%
Tirana
100%
Tokyo
100%
Tripoli
100%
Tunis
100%
Ulaanbaatar
100%
Vaduz
100%
Valletta
100%
Vatican City
100%
Vienna
100%
Vientiane
100%
Vilnius
100%
Warsaw
100%
Washington
100%
Wellington
100%
Windhoek
100%
x
100%
Yamoussoukro
100%
Yaoundé
100%
Yaren
100%
Yerevan
100%
Zagreb
100%
Sweden
83%
Slovenia
79%
Slovakia
78%
Spain
78%
South Korea
77%
Somalia
76%
Sudan
76%
Switzerland
76%
South Africa
74%
South Sudan
74%
Saint Kitts and Nevis
72%
Saint Lucia
71%
Senegal
71%
Singapore
70%
Sri Lanka
69%
Saint Vincent and the Grenadines
68%
St Vincent and the Grenadines
68%
Serbia
67%
Suriname
67%
Samoa
64%
Seychelles
61%
San Marino
60%
Sierra Leone
59%
Syria
56%
Saudi Arabia
55%
Solomon Islands
54%
São Tomé and Principé
50%
No matching quizzes found
Score Distribution
Percent of People with Each Score
Percentile by Number Answered
Your Score History
You have not taken this quiz since the last reset